EU a arabský export taháme za kratší konec
Arabskí exportéri sú pre európsky trh velmi dôležitý. Spoločná zahraničná energetická politika by bola preto výhodná pre všetky štáty EÚ. Slúžila by aj národným záumom.
Saved in:
| Main Author: | |
|---|---|
| Format: | Book Chapter |
| Language: | Czech |
| Subjects: | |
| Tags: |
No Tags, Be the first to tag this record!
|
MARC
| LEADER | 00000naa a2200000 4500 | ||
|---|---|---|---|
| 001 | 0141463 | ||
| 005 | 20221107085247.0 | ||
| 041 | 0 | |a cze | |
| 044 | |a CZ | ||
| 245 | 1 | 0 | |a EU a arabský export taháme za kratší konec |c Martin Valeš |
| 520 | |a Arabskí exportéri sú pre európsky trh velmi dôležitý. Spoločná zahraničná energetická politika by bola preto výhodná pre všetky štáty EÚ. Slúžila by aj národným záumom. | ||
| 610 | 2 | 0 | |a trh energetický |
| 610 | 2 | 0 | |a vývoz |
| 610 | 2 | 0 | |a spolupráca medzinárodná |
| 610 | 2 | 0 | |a Arabské štáty |
| 610 | 2 | 0 | |a Európska únia |
| 100 | 1 | |a Valeš, Martin | |